000 01288cam a2200301 i 4500
001 16169
003 DO-SdUEMH
005 20260114215243.0
007 ta
008 211105s2000 dr a|||gr|||| 000 0 spa|d
040 _aDO-SdUEMH
_bspa
_erda
041 _aspa
082 1 4 _mRD
_aRD307.76729378 R426SO
_bR426sc
084 _b10-00172
100 _aCorral, Julio C.
_eaut
245 1 0 _aLineamientos de políticas de desarrollo urbano para la ciudad de San Cristóbal /
_cJulio C. Corral, Rosa A. Maria, Catherine Ramirez, Angela Malagón, Yoselín Céspedes ; prólogo: Mercedes Sabater de Macarrulla
246 _aSan Cristóbal :
_blineamientos de políticas de desarrollo urbano
260 _c2006
264 0 1 _aSantiago de los Caballeros :
_bCEUR / PUCMM,
_c2006
300 _a163 páginas :
_bilustraciones ;
_c26 cm.
336 _2rdacontent
_atexto
_btxt
337 _2rdamedia
_asin mediación
_bn
338 _2rdacarrier
_avolumen
_bnc
504 _aBibliografías en páginas 161-162
505 2 _aIntroducción -- La ciudad de San Cristóbal en el contexto subregional San Cristóbal - Baní -- Caracterización de la ciudad de San Cristóbal -- Perfil, escenarios, propuestas y lineamientos de políticas -- Bibliografía -- Anexos.
942 _2ddc
_cBK
_n0
999 _c16169
_d16169